000 01277cam a2200217 4500
001 ##L135208
008 061004n2006 000 0 eng u
035 _a(Sirsi) u135208
041 0 _aeng
050 0 4 _a333.33 $2 18
110 _aRightmove
245 0 4 _aThe Rightmove house price index
_bSeptember edition
260 _aLondon
_bRightmove
_c2006
490 0 _aRightmove House Price Index
_v18 September 2006
520 _aShows trends in asking prices up to 9 September 2006. Average asking prices rose by just 0.26% (£526) in the month, giving further evidence that the 2006 price surge is coming to an end. The average property asking price stands at £214 566. The annual rate of increase has risen to 9.8% but it is likely to drift down to 8% by year end. Price adjustments are reflecting the increasing costs of home ownership. Potential sellers are struggling to trade up confronted by the unusual combination of flatter prices and a fall in the number of properties for sale.
650 2 4 _aRIGHTMOVE HOUSE PRICE INDEX
651 4 _aEngland and Wales
_y1543-
690 _aPROPERTY-RESIDENTIAL PROPERTY-RESIDENTIAL PROPERTY MARKET
856 4 0 _uhttps://www.rightmove.co.uk
_zView the house price index free of charge at www.rightmove.co.uk...
942 _n0
999 _c105949
_d105949